[Event "ROM-ch U10 Boys"]
[Site "Voineasa"]
[Date "2008.04.16"]
[Round "7"]
[White "Dalidis, Constantin"]
[Black "Radulescu, Mihnea Andrei"]
[Result "1-0"]
[WhiteElo "650"]
[BlackElo "521"]
[PlyCount "101"]
[EventDate "2008.04.08"]
[EventType "swiss"]
[EventRounds "9"]
[EventCountry "ROU"]
[SourceTitle "EXT 2013"]
[Source "ChessBase"]
[SourceDate "2012.11.22"]
[SourceVersion "1"]
[SourceVersionDate "2012.11.22"]
[SourceQuality "1"]

1. e4 e5 2. Nf3 Nc6 3. Bb5 a6 4. Ba4 Bc5 5. 0-0 b5 6. Bb3 d6 7. c3 Nf6 8. d3 h6 9. h3 0-0 10. Nbd2 Re8 11. Re1 Bb7 12. Nf1 Qd7 13. Ng3 Kf8 14. Be3 Bxe3 15. Rxe3 a5 16. a4 b4 17. Rb1 Rad8 18. Re1 Qc8 19. Bc4 Ba6 20. Qb3 Rd7 21. Rbd1 Red8 22. Kf1 Qa8 23. Kg1 Qc8 24. Nf1 Qa8 25. Ne3 Bxc4 26. Qxc4 d5 27. exd5 Nxd5 28. Nxd5 Rxd5 29. Rd2 Qb7 30. Red1 g6 31. d4 e4 32. Nh2 h5 33. Nf1 Ne7 34. Ne3 R5d6 35. d5 Qa7 36. Qxe4 c6 37. Qd4 Qc7 38. Qh8+ Ng8 39. Qe5 f6 40. Qg3 Qc8 41. Qxg6 h4 42. Qg4 Qa8 43. cxb4 cxd5 44. Qxh4 axb4 45. Qxb4 Qc6 46. Rxd5 Ke7 47. Nf5+ Ke6 48. Rxd6+ Rxd6 49. Rxd6+ Qxd6 50. Nxd6 Nh6 51. Ne4 1-0

[Event "ROM-ch U10 Boys"]
[Site "Voineasa"]
[Date "2008.04.15"]
[Round "6"]
[White "Radulescu, Mihnea Andrei"]
[Black "Stan, Antoniu"]
[Result "1-0"]
[WhiteElo "521"]
[BlackElo "416"]
[PlyCount "57"]
[EventDate "2008.04.08"]
[EventType "swiss"]
[EventRounds "9"]
[EventCountry "ROU"]
[SourceTitle "EXT 2013"]
[Source "ChessBase"]
[SourceDate "2012.11.22"]
[SourceVersion "1"]
[SourceVersionDate "2012.11.22"]
[SourceQuality "1"]

1. e4 e6 2. d4 d5 3. exd5 exd5 4. Nf3 Bd6 5. Nc3 Ne7 6. Qe2 0-0 7. Qd1 Re8 8. Bg5 f6 9. Bh4 Bf5 10. Be2 Nbc6 11. 0-0 Nb4 12. Rc1 c6 13. a3 Bxc2 14. Rxc2 Nxc2 15. Qxc2 Ng6 16. Bd3 Nf8 17. Qd2 Qc7 18. b4 Bf4 19. Qc2 Re7 20. g3 Bh6 21. g4 Bf4 22. Bg3 Bxg3 23. fxg3 Rae8 24. b5 Re3 25. Nxd5 Qa5 26. Nxe3 Rxe3 27. bxc6 bxc6 28. Qxc6 Rxd3 29. Qc4+ 1-0

[Event "ROM-ch U10 Boys"]
[Site "Voineasa"]
[Date "2008.04.13"]
[Round "3"]
[White "Radulescu, Mihnea Andrei"]
[Black "Barbul, Ionel"]
[Result "1-0"]
[WhiteElo "521"]
[BlackElo "401"]
[PlyCount "121"]
[EventDate "2008.04.08"]
[EventType "swiss"]
[EventRounds "9"]
[EventCountry "ROU"]
[SourceTitle "EXT 2013"]
[Source "ChessBase"]
[SourceDate "2012.11.22"]
[SourceVersion "1"]
[SourceVersionDate "2012.11.22"]
[SourceQuality "1"]

1. d4 d5 2. c4 Nf6 3. Nc3 e6 4. Bg5 Bb4 5. Nf3 h6 6. Bxf6 Qxf6 7. e3 Nd7 8. a3 Bxc3+ 9. bxc3 e5 10. cxd5 exd4 11. Nxd4 Ne5 12. f4 Nd7 13. Bb5 Qe7 14. Qd3 a6 15. Bxd7+ Bxd7 16. 0-0 Bb5 17. c4 Bd7 18. e4 Qh4 19. e5 g5 20. Nf3 Qxf4 21. Qc3 0-0-0 22. e6 fxe6 23. Ne5 Qe4 24. Nf7 Rhe8 25. Rae1 Qh7 26. Nxd8 Rxd8 27. dxe6 Bc6 28. e7 Re8 29. Rf8 Qg6 30. Qh8 b6 31. Rd1 Qc2 32. Rxe8+ Kb7 33. Rb8+ Ka7 34. Kf1 Qxg2+ 35. Ke1 Qg1+ 36. Kd2 Qf2+ 37. Kc3 Qe3+ 38. Rd3 Qe1+ 39. Kd4 Qa1+ 40. Ke3 Qe1+ 41. Kd4 Qe4+ 42. Kc3 Qe1+ 43. Rd2 Qe3+ 44. Kc2 Qe4+ 45. Kb2 Qxc4 46. e8Q Qb5+ 47. Kc2 Qc4+ 48. Qc3 Qa4+ 49. Kd3 Qb5+ 50. Qc4 Qf5+ 51. Qee4 Qh3+ 52. Kd4 Qd7+ 53. Qcd5 Bxd5 54. Qxd5 Qg4+ 55. Ke5 Qf4+ 56. Ke6 Qe3+ 57. Kd7 Qh3+ 58. Qe6 Qc3 59. Kc8 Qxd2 60. Qc6 Qf4 61. Qa8# 1-0